[Event "Asia Club-ch Hybrid"]
[Site "Tornelo INT"]
[Date "2021.11.05"]
[Round "3.2"]
[White "Hossain, Enamul"]
[Black "Attar, Behrad"]
[Result "1-0"]
[WhiteElo "2395"]
[BlackElo "1507"]
[PlyCount "55"]
[EventDate "2021.11.03"]
[EventType "team-swiss"]
[EventRounds "9"]
[EventCountry "NET"]
[SourceTitle "CBM 205 Extra"]
[Source "ChessBase"]
[SourceDate "2022.01.31"]
[SourceVersion "1"]
[SourceVersionDate "2022.01.31"]
[SourceQuality "1"]
[WhiteTeam "Bangladesh Police"]
[BlackTeam "Fekre Bartar"]
[WhiteTeamCountry "BAN"]
[BlackTeamCountry "IRI"]

1. d4 d5 2. c4 e6 3. Nf3 Nf6 4. g3 c6 5. Qc2 Bd6 6. Bg2 0-0 7. Nc3 Re8 8. 0-0 Nbd7 9. b3 e5 10. dxe5 Nxe5 11. cxd5 cxd5 12. Bb2 Bg4 13. Rad1 Rc8 14. Qb1 Nxf3+ 15. exf3 Be6 16. f4 Bg4 17. Nxd5 Bxd1 18. Bxf6 gxf6 19. Rxd1 Bf8 20. Qf5 Bg7 21. Be4 h6 22. Ne3 Qxd1+ 23. Nxd1 Rc1 24. Bf3 Re1+ 25. Kg2 Rexd1 26. Bxd1 Rxd1 27. Qc8+ Bf8 28. Qg4+ 1-0